00622nam a22001817a 450000500170000000800410001702000180005804000130007608200150008910000160010424500690012026000300018930000150021965000240023494200070025895201580026599900170042320260413180943.0260413b |||||||| |||| 00| 0 eng d a9789697834761 cPK-LaNCA a809.1bCHA aChangez Jan aWarrior poet: the life, times and legacy of Khushal Khan Khattak aFolio BooksbLahorec2025 axiii, 154p aKhattak's - History cBK 0010406809_100000000000000_CHA_3816670968893aNCAbNCAcLibrary Basement d2026-04-13l0o809.1 CHA 38166p38166r2026-04-13 18:11:20w2026-04-13yBK c67219d67219